<?xml version="1.0" encoding="UTF-8"?>
<record
    xmlns:xsi="http://www.w3.org/2001/XMLSchema-instance"
    xsi:schemaLocation="http://www.loc.gov/MARC21/slim http://www.loc.gov/standards/marcxml/schema/MARC21slim.xsd"
    xmlns="http://www.loc.gov/MARC21/slim">

  <leader>01891nam0a2200421   4500</leader>
  <controlfield tag="001">RU\NLR\bibl\85828</controlfield>
  <controlfield tag="005">20260406041958.0</controlfield>
  <datafield tag="010" ind1=" " ind2=" ">
    <subfield code="a">5-87503-026-X</subfield>
    <subfield code="b">&#x412; &#x43F;&#x435;&#x440;.</subfield>
    <subfield code="d">&#x411;. &#x446;.</subfield>
    <subfield code="9">110000</subfield>
  </datafield>
  <datafield tag="020" ind1=" " ind2=" ">
    <subfield code="a">RU</subfield>
    <subfield code="b">98-27835</subfield>
    <subfield code="9">&#x41A;&#x43D;&#x438;&#x436;&#x43D;&#x430;&#x44F; &#x43B;&#x435;&#x442;&#x43E;&#x43F;&#x438;&#x441;&#x44C;</subfield>
  </datafield>
  <datafield tag="021" ind1=" " ind2=" ">
    <subfield code="a">RU</subfield>
    <subfield code="b">98-18568</subfield>
    <subfield code="9">882</subfield>
  </datafield>
  <datafield tag="035" ind1=" " ind2=" ">
    <subfield code="a">(NLR Aleph) 000083832</subfield>
  </datafield>
  <datafield tag="090" ind1=" " ind2=" ">
    <subfield code="a">467828</subfield>
    <subfield code="c">467828</subfield>
  </datafield>
  <datafield tag="100" ind1=" " ind2=" ">
    <subfield code="a">20000410d1998    |||y0rusy50      ca</subfield>
  </datafield>
  <datafield tag="101" ind1="0" ind2=" ">
    <subfield code="a">rus</subfield>
  </datafield>
  <datafield tag="102" ind1=" " ind2=" ">
    <subfield code="a">RU</subfield>
  </datafield>
  <datafield tag="105" ind1=" " ind2=" ">
    <subfield code="a">a   |||||||||</subfield>
  </datafield>
  <datafield tag="200" ind1="1" ind2=" ">
    <subfield code="a">&#x41A;&#x430;&#x43A; &#x440;&#x435;&#x448;&#x430;&#x442;&#x44C; &#x437;&#x430;&#x434;&#x430;&#x447;&#x438; &#x43F;&#x43E; &#x444;&#x438;&#x437;&#x438;&#x43A;&#x435;</subfield>
    <subfield code="e">&#x428;&#x43A;. &#x43A;&#x443;&#x440;&#x441; &#x444;&#x438;&#x437;&#x438;&#x43A;&#x438; &#x432; &#x437;&#x430;&#x434;&#x430;&#x447;&#x430;&#x445; &#x438; &#x440;&#x435;&#x448;&#x435;&#x43D;&#x438;&#x44F;&#x445;</subfield>
    <subfield code="f">&#x411;&#x43E;&#x440;&#x438;&#x441; &#x413;&#x440;&#x438;&#x43D;&#x447;&#x435;&#x43D;&#x43A;&#x43E;</subfield>
  </datafield>
  <datafield tag="205" ind1=" " ind2=" ">
    <subfield code="a">2-&#x435; &#x438;&#x437;&#x434;., &#x434;&#x43E;&#x43F;. &#x438; &#x438;&#x441;&#x43F;&#x440;.</subfield>
  </datafield>
  <datafield tag="210" ind1=" " ind2=" ">
    <subfield code="a">&#x421;&#x41F;&#x431;.</subfield>
    <subfield code="c">&#x41D;&#x41F;&#x41E; "&#x41C;&#x438;&#x440; &#x438; &#x441;&#x435;&#x43C;&#x44C;&#x44F;-95"</subfield>
    <subfield code="d">1998</subfield>
  </datafield>
  <datafield tag="215" ind1=" " ind2=" ">
    <subfield code="a">783 &#x441;.</subfield>
    <subfield code="c">&#x438;&#x43B;.</subfield>
    <subfield code="d">23</subfield>
  </datafield>
  <datafield tag="225" ind1="1" ind2=" ">
    <subfield code="a">&#x421;&#x435;&#x440;&#x438;&#x44F; &#x443;&#x447;&#x435;&#x431;&#x43D;&#x43E;&#x439; &#x43B;&#x438;&#x442;&#x435;&#x440;&#x430;&#x442;&#x443;&#x440;&#x44B; "&#x41C;&#x430;&#x433;&#x438;&#x441;&#x442;&#x440;"</subfield>
  </datafield>
  <datafield tag="300" ind1=" " ind2=" ">
    <subfield code="a">&#x41F;&#x435;&#x440;&#x435;&#x434; &#x432;&#x44B;&#x43F;. &#x434;&#x430;&#x43D;. &#x430;&#x432;&#x442;.: &#x413;&#x440;&#x438;&#x43D;&#x447;&#x435;&#x43D;&#x43A;&#x43E; &#x411;&#x43E;&#x440;&#x438;&#x441; &#x418;&#x441;&#x430;&#x43A;&#x43E;&#x432;&#x438;&#x447;</subfield>
  </datafield>
  <datafield tag="300" ind1=" " ind2=" ">
    <subfield code="a">&#x41D;&#x430; &#x43F;&#x435;&#x440;. &#x437;&#x430;&#x433;&#x43B;. &#x441;&#x435;&#x440;.: &#x41C;&#x430;&#x433;&#x438;&#x441;&#x442;&#x440;</subfield>
  </datafield>
  <datafield tag="461" ind1=" " ind2="0">
    <subfield code="1">2001#$a&#x421;&#x435;&#x440;&#x438;&#x44F; &#x443;&#x447;&#x435;&#x431;&#x43D;&#x43E;&#x439; &#x43B;&#x438;&#x442;&#x435;&#x440;&#x430;&#x442;&#x443;&#x440;&#x44B; "&#x41C;&#x430;&#x433;&#x438;&#x441;&#x442;&#x440;"</subfield>
    <subfield code="t">&#x421;&#x435;&#x440;&#x438;&#x44F; &#x443;&#x447;&#x435;&#x431;&#x43D;&#x43E;&#x439; &#x43B;&#x438;&#x442;&#x435;&#x440;&#x430;&#x442;&#x443;&#x440;&#x44B; "&#x41C;&#x430;&#x433;&#x438;&#x441;&#x442;&#x440;"</subfield>
  </datafield>
  <datafield tag="606" ind1="0" ind2=" ">
    <subfield code="a">&#x424;&#x438;&#x437;&#x438;&#x43A;&#x430;</subfield>
    <subfield code="x">&#x417;&#x430;&#x434;&#x430;&#x447;&#x438;</subfield>
    <subfield code="x">&#x420;&#x435;&#x448;&#x435;&#x43D;&#x438;&#x435;</subfield>
    <subfield code="9">1884306</subfield>
    <subfield code="3">RU\NLR\auth\661146906</subfield>
  </datafield>
  <datafield tag="606" ind1="0" ind2=" ">
    <subfield code="a">&#x424;&#x438;&#x437;&#x438;&#x43A;&#x430;</subfield>
    <subfield code="j">&#x423;&#x447;&#x435;&#x431;&#x43D;&#x44B;&#x435; &#x438;&#x437;&#x434;&#x430;&#x43D;&#x438;&#x44F; &#x434;&#x43B;&#x44F; &#x441;&#x440;&#x435;&#x434;&#x43D;&#x435;&#x439; &#x448;&#x43A;&#x43E;&#x43B;&#x44B;</subfield>
    <subfield code="x">&#x417;&#x430;&#x434;&#x430;&#x447;&#x438;</subfield>
    <subfield code="x">&#x420;&#x435;&#x448;&#x435;&#x43D;&#x438;&#x435;</subfield>
    <subfield code="9">1884306</subfield>
    <subfield code="3">RU\NLR\auth\661146906</subfield>
  </datafield>
  <datafield tag="610" ind1="0" ind2=" ">
    <subfield code="a">&#x424;&#x438;&#x437;&#x438;&#x43A;&#x430; - &#x417;&#x430;&#x434;&#x430;&#x447;&#x438; - &#x420;&#x435;&#x448;&#x435;&#x43D;&#x438;&#x435;</subfield>
  </datafield>
  <datafield tag="675" ind1=" " ind2=" ">
    <subfield code="a">373.167.1:53+53(075.3)</subfield>
    <subfield code="v">3</subfield>
    <subfield code="z">rus</subfield>
  </datafield>
  <datafield tag="686" ind1=" " ind2=" ">
    <subfield code="a">14.25</subfield>
    <subfield code="2">rugasnti</subfield>
  </datafield>
  <datafield tag="686" ind1=" " ind2=" ">
    <subfield code="a">22.3&#x44F;721</subfield>
    <subfield code="2">rubbk</subfield>
  </datafield>
  <datafield tag="686" ind1=" " ind2=" ">
    <subfield code="a">&#x412;3&#x44F;721-41</subfield>
  </datafield>
  <datafield tag="700" ind1=" " ind2="1">
    <subfield code="4">070</subfield>
    <subfield code="8">rus</subfield>
    <subfield code="7">ca</subfield>
    <subfield code="a">&#x413;&#x440;&#x438;&#x43D;&#x447;&#x435;&#x43D;&#x43A;&#x43E;</subfield>
    <subfield code="b">&#x411;. &#x418;.</subfield>
    <subfield code="g">&#x411;&#x43E;&#x440;&#x438;&#x441; &#x418;&#x441;&#x430;&#x430;&#x43A;&#x43E;&#x432;&#x438;&#x447;</subfield>
    <subfield code="3">RU\NLR\auth\772306</subfield>
    <subfield code="9">112321</subfield>
  </datafield>
  <datafield tag="801" ind1=" " ind2="0">
    <subfield code="a">RU</subfield>
    <subfield code="b">RKP</subfield>
    <subfield code="c">20000410</subfield>
    <subfield code="g">PSBO</subfield>
  </datafield>
  <datafield tag="801" ind1=" " ind2="1">
    <subfield code="a">RU</subfield>
    <subfield code="b">RKP</subfield>
    <subfield code="c">20000410</subfield>
  </datafield>
  <datafield tag="801" ind1=" " ind2="2">
    <subfield code="a">RU</subfield>
    <subfield code="b">NLR</subfield>
    <subfield code="c">20060515</subfield>
    <subfield code="g">rcr</subfield>
  </datafield>
  <datafield tag="852" ind1=" " ind2=" ">
    <subfield code="a">NLR</subfield>
    <subfield code="j">98-5/1878</subfield>
  </datafield>
  <datafield tag="942" ind1=" " ind2=" ">
    <subfield code="c">BOOK</subfield>
  </datafield>
  <datafield tag="980" ind1=" " ind2=" ">
    <subfield code="a">NB</subfield>
  </datafield>
  <datafield tag="995" ind1=" " ind2=" ">
    <subfield code="5">2013-10-26</subfield>
    <subfield code="b">NLR01</subfield>
    <subfield code="c">NLR01</subfield>
    <subfield code="e">RF8</subfield>
    <subfield code="f">83832-10</subfield>
    <subfield code="k">98-5/1878</subfield>
    <subfield code="o">0</subfield>
    <subfield code="r">BOOK</subfield>
    <subfield code="s">9851878_</subfield>
  </datafield>
</record>
